| 000 | 01072nam a2200193 a 4500 | ||
|---|---|---|---|
| 008 | 120416s1986 ||||||||||||||||| || u | ||
| 020 | _a0750603674 | ||
| 050 | _aHF 5415.7 Chr | ||
| 100 | _aChristopher, Martin | ||
| 245 | 1 | 4 | _aThe strategy of distribution management |
| 260 |
_aOxford: _bButerworth-Heinemann _c1986 |
||
| 300 | _ax, 182p. : ill. | ||
| 350 | _a0.00 | ||
| 650 | 0 | _aMARKETING--MANAGEMENT--CASE STUDIES | |
| 995 |
_aMAIN LIBRARY OPEN ACCESS _D0.00 _e731013 _FCBU-MAIN LIBRARY (Kitwe) _H1 _I13.99 _jHF 5415.7 Chr _M1 _UAVAILABLE _y028220 _ZMain Library Open Access Collection |
||
| 995 |
_aMAIN LIBRARY OPEN ACCESS _D0.00 _e731014 _FCBU-MAIN LIBRARY (Kitwe) _H3 _I13.99 _jHF 5415.7 Chr _M3 _UAVAILABLE _y028221 _ZMain Library Open Access Collection |
||
| 995 |
_aANNEX COLLECTION (Main Library) _D0.00 _e731012 _FCBU-MAIN LIBRARY (Kitwe) _H4 _I13.99 _jHF 5415.7 Chr _M4 _UAVAILABLE _y028223 _ZAnnex Low-Usage Collection |
||
| 995 |
_aANNEX COLLECTION (Main Library) _D0.00 _e731015 _FCBU-MAIN LIBRARY (Kitwe) _H2 _I13.99 _jHF 5415.7 Chr _M2 _UAVAILABLE _y028222 _ZAnnex Low-Usage Collection |
||
| 999 |
_c76878 _d76878 |
||